Fundamentals of contamination control (Record no. 15182)

MARC details
000 -LEADER
fixed length control field 00785nam a2200229Ia 4500
003 - CONTROL NUMBER IDENTIFIER
control field IN-BaIIA
008 - FIXED-LENGTH DATA ELEMENTS--GENERAL INFORMATION
fixed length control field 211028s9999 xx 000 0 eng d
020 ## - INTERNATIONAL STANDARD BOOK NUMBER
International Standard Book Number 0-8194-3844-8
040 ## - CATALOGING SOURCE
Transcribing agency IIA Library
080 ## - UNIVERSAL DECIMAL CLASSIFICATION NUMBER
Universal Decimal Classification number 535.8
Item number TRI
100 ## - MAIN ENTRY--PERSONAL NAME
Personal name Tribble, A. C.
9 (RLIN) 27868
245 #0 - TITLE STATEMENT
Title Fundamentals of contamination control
Statement of responsibility, etc. A. C. Tribble
260 ## - PUBLICATION, DISTRIBUTION, ETC.
Place of publication, distribution, etc. Washington
Name of publisher, distributor, etc. The International Society for Optical Engineering
Date of publication, distribution, etc. 2000
300 ## - PHYSICAL DESCRIPTION
Extent xv, 176p.
490 ## - SERIES STATEMENT
Series statement Tutorial text series in optical engineering; v. TT44
650 ## - SUBJECT ADDED ENTRY--TOPICAL TERM
Topical term or geographic name entry element Contamination control
9 (RLIN) 27869
650 ## - SUBJECT ADDED ENTRY--TOPICAL TERM
Topical term or geographic name entry element Deposition
9 (RLIN) 27870
650 ## - SUBJECT ADDED ENTRY--TOPICAL TERM
Topical term or geographic name entry element Generation
9 (RLIN) 27871
650 ## - SUBJECT ADDED ENTRY--TOPICAL TERM
Topical term or geographic name entry element Space vehicles - molecular contamination
9 (RLIN) 27872
650 ## - SUBJECT ADDED ENTRY--TOPICAL TERM
Topical term or geographic name entry element Surface obscuration
9 (RLIN) 27873
942 ## - ADDED ENTRY ELEMENTS (KOHA)
Koha item type Books
Holdings
Withdrawn status Lost status Damaged status Not for loan Home library Current library Shelving location Date acquired Total Checkouts Full call number Barcode Date last seen Price effective from Koha item type
        IIA Library-Bangalore IIA Library-Hosakote General Stacks     535.8/ TRI 16104 05/11/2021   Books

Powered by Koha